000 01564nam a2200313Ia 4500
003 OSt
005 20200726190419.0
008 191128t2013 mx fr 000 0 spa d
020 _a9786070305191
040 _aCO-JMCR
_cCO-JMCR
041 1 _aspa
_heng
082 0 4 _a339.22 /
_bM686l
_223
100 1 _aMéndez, José Luis,
_ecompilador
_97854
245 1 0 _aLiderazgo político /
_cJosé Luis Méndez compilador ; traducción Ingrid Ebergenyi Salinas
250 _aPrimera edición
260 _aMéxico :
_bSiglo veintiuno : Escuela de Administración Pública del Distrito Federal,
_c©2013
300 _a177 páginas ;
_c20 cm.
490 0 _aBiblioteca básica de administración pública ;
_v15
505 0 _aEl liderazgo político como acción estratégica -- El poder de persuadir -- Las políticas de liderazgo a finales del siglo XX -- Dos modelos normativos de liderazgo presidencial -- El poder como persuación -- Revaluación del liderazgo
520 3 _aEste libro reúne varios textos fundamentales en el estudio del liderazgo político. En primer lugar, un estudio introductorio de su compilador, el cual a partir de los textos que aquí se presentan.
534 _pThe strategic president, persuasion y opportunity in presidential leadership
546 _aTraducido del inglés
650 1 4 _aLiderazgo político
_97855
650 1 4 _aPersuasión (Psicología)
_97856
650 1 4 _aCiencia política
_97857
650 1 4 _aPolítica como profesión
_97858
700 1 _aEbergenyi Salinas, Ingrid,
_etraductora
_97859
942 _2ddc
_cBK
999 _c5245
_d5245